<?xml version="1.0" encoding="UTF-8"?>
<marc:record xmlns:marc="http://www.loc.gov/MARC21/slim">
   <marc:leader>00000nam a2200000 a 4500</marc:leader>
   <marc:datafield ind1="1" ind2=" " tag="100">
      <marc:subfield code="a">Sieböck, Gregor</marc:subfield>
      <marc:subfield code="4">aut</marc:subfield>
      <marc:subfield code="e">Verfasser/-in</marc:subfield>
   </marc:datafield>
   <marc:datafield ind1="0" ind2="0" tag="245">
      <marc:subfield code="a">Der Weltenwanderer</marc:subfield>
   </marc:datafield>
   <marc:datafield ind1="0" ind2="0" tag="245">
      <marc:subfield code="b">global change - zu Fuß um die halbe Welt</marc:subfield>
   </marc:datafield>
   <marc:datafield ind1="0" ind2="0" tag="245">
      <marc:subfield code="c">Gregor Sieböck</marc:subfield>
   </marc:datafield>
   <marc:datafield ind1=" " ind2="1" tag="264">
      <marc:subfield code="a">Innsbruck</marc:subfield>
      <marc:subfield code="b">Tyrolia</marc:subfield>
      <marc:subfield code="c">2009</marc:subfield>
   </marc:datafield>
   <marc:datafield ind1="1" ind2=" " tag="520">
      <marc:subfield code="a">Zu Fuß um die halbe Welt. (ER) Drei Jahre ist Gregor Sieböck zu Fuß um die Welt gewandert: von seiner Heimat Bad Ischl aus auf dem Jakobsweg nach Santiago de Compostela und an die portugiesische Küste, danach in Südamerika durch die endlosen Weiten Patagoniens in Argentinien und Chile und auf der königlichen Inkastraße durch das Hochland Perus. Eindrücke eines modernen Lebensstils sammelte er auf dem Küstenwanderweg Kaliforniens und auf seinen Wanderungen in der Umgebung von Kioto und Tokio. Schließlich beendete er seine Reise mit einer Durchquerung Neuseelands.</marc:subfield>
   </marc:datafield>
   <marc:datafield ind1=" " ind2=" " tag="020">
      <marc:subfield code="a">9783702230425</marc:subfield>
      <marc:subfield code="9">9783702230425</marc:subfield>
   </marc:datafield>
   <marc:datafield ind1=" " ind2=" " tag="020">
      <marc:subfield code="a">3702230424</marc:subfield>
      <marc:subfield code="9">3702230424</marc:subfield>
   </marc:datafield>
   <marc:datafield ind1=" " ind2=" " tag="300">
      <marc:subfield code="a">286 S. : zahlr. Ill. (farb.)</marc:subfield>
   </marc:datafield>
</marc:record>
